Indicadors de gestió de serveis municipals : guia d'interpretació : resultats any 2006 guia d'interpretació :
Publicado:
Barcelona :
Diputació de Barcelona. Àrea de Coordinació i Govern Local. Servei de Programació ,
2008
Descripción Física:
277 p. : quadres ; 30 cm
MARC
| LEADER | 00000nam a2200000Ia 4500 | ||
|---|---|---|---|
| 001 | 19947 | ||
| 008 | 160829s2008 xx 000 0 cat d | ||
| 080 | |a M-5-502 | ||
| 245 | |a Indicadors de gestió de serveis municipals : |b guia d'interpretació : |b resultats any 2006 | ||
| 250 | |a 2a ed. | ||
| 260 | |a Barcelona : |b Diputació de Barcelona. Àrea de Coordinació i Govern Local. Servei de Programació, |c 2008 | ||
| 300 | |a 277 p. : |b quadres ; |c 30 cm | ||
| 590 | |a Hi ha un exemplar en castellà amb R. 20595 | ||
| 650 | |a Municipis |x Barcelona (Província) |x Estadístiques |x Metodologia |9 38520 | ||
| 710 | |a Barcelona (Catalunya : Província). |b Servei de Programació |9 53631 | ||
| 901 | |a Arxiu | ||
| 942 | |n 1 | ||
| 952 | |0 0 |1 0 |4 0 |6 M5502 |7 1 |9 51893 |a Arxiu |b Arxiu |d 2016-12-01 |l 0 |o M-5-502 |p 19947 |r 2016-12-01 00:00:00 |w 2016-12-01 |y ARXIU | ||
| 999 | |c 55739 |d 55739 | ||